Εμπρός στο κοινωνικό πρόβλημα

Αποθηκεύτηκε σε:
Λεπτομέρειες βιβλιογραφικής εγγραφής
Κύριος συγγραφέας: Θεοτοκάς, Γιώργος, 1905-1966
Μορφή: Βιβλίο
Γλώσσα:Greek
Δημοσίευση: Αθήναι : "Πυρσού" Α.Ε., 1932.
Θέματα:
Ετικέτες: Προσθήκη ετικέτας
Δεν υπάρχουν, Καταχωρήστε ετικέτα πρώτοι!

MARC

LEADER 00000cam a2200000 a 4500
001 1/116756
008 180606s1932####gr | ||| |||| ||gre||
040 |a GR-MyUa  |b gre  |c GR-MyUa  |e AACR2 
041 0 |a gre 
082 7 |a 889.34   |2 (23) 
100 1 |a Θεοτοκάς, Γιώργος,   |d 1905-1966. 
245 1 0 |a Εμπρός στο κοινωνικό πρόβλημα /   |c Γιώργου Θεοτοκά.  
260 |a Αθήναι :   |b "Πυρσού" Α.Ε.,   |c 1932. 
300 |a 59 σ. ;   |c 24 εκ.  
650 0 |a Greek literature, Modern  |x Essays. 
650 0 |a Greek literature, Modern  |y 20th century  |x History and criticism. 
852 |a INST  |b RHODES  |e 20180606  |h 889.34 ΘΕΟ  |p 005400040037  |q 005400040037  |t BK  |y 0 
970 |a Κωτάκου  |b Μαρία  |z 06-06-2018